Del folklore costarricense : relatos de la bajura y de la serranía /
Uloženo v:
| Hlavní autor: | |
|---|---|
| Médium: | Neznámo |
| Jazyk: | Spanish |
| Vydáno: |
San José, Costa Rica:
Fernández Arce,
1975
|
| Vydání: | 1. edición |
| Edice: | Serie Francisco Fernández B. ;
número 3 |
| Témata: | |
| Tagy: |
Přidat tag
Žádné tagy, Buďte první, kdo vytvoří štítek k tomuto záznamu!
|
MARC
| LEADER | 000000000a22000000004500 | ||
|---|---|---|---|
| 001 | 000654 | ||
| 008 | 140814s1975 cr f |||| 000 1 spa d | ||
| 041 | 0 | |a español | |
| 082 | |a 398.097.286 |b G192d | ||
| 100 | 1 | |a Gamboa Alvarado, Gerardo | |
| 245 | 1 | 0 | |a Del folklore costarricense : |b relatos de la bajura y de la serranía / |c Gerardo Gamboa Alvarado |
| 250 | |a 1. edición | ||
| 260 | |a San José, Costa Rica: |b Fernández Arce, |c 1975 | ||
| 300 | |a 205 páginas | ||
| 490 | 0 | |a Serie Francisco Fernández B. ; |v número 3 | |
| 500 | |a Número de inscripción 00475 | ||
| 650 | 4 | |a FOLCLORE |z COSTA RICA | |
| 650 | 7 | |a CRONICAS COSTARRICENSES | |
| 650 | 7 | |a ANECDOTAS COSTARRICENSES | |
| 942 | |2 ddc |c BK | ||
| 999 | |c 1439 |d 1439 | ||
